<?xml version='1.0' encoding='UTF-8'?>
  <record xmlns="http://www.loc.gov/MARC21/slim">
    <leader>00000cam a2200000 i 4500</leader>
    <controlfield tag="001">ocm67842725</controlfield>
    <controlfield tag="003">OCoLC</controlfield>
    <controlfield tag="005">20250722183100.2</controlfield>
    <controlfield tag="008">990709s1545    sz            000 0alat d</controlfield>
    <datafield tag="040" ind1=" " ind2=" ">
      <subfield code="a">NLGGC</subfield>
      <subfield code="b">eng</subfield>
      <subfield code="e">rda</subfield>
      <subfield code="e">dcrmr</subfield>
      <subfield code="c">NLGGC</subfield>
      <subfield code="d">QGJ</subfield>
      <subfield code="d">OCLCF</subfield>
      <subfield code="d">OCLCQ</subfield>
      <subfield code="d">OCLCO</subfield>
      <subfield code="d">OCLCA</subfield>
      <subfield code="d">OCLCO</subfield>
      <subfield code="d">OCLCL</subfield>
      <subfield code="d">QGJ</subfield>
      <subfield code="d">OCLCO</subfield>
    </datafield>
    <datafield tag="029" ind1="0" ind2=" ">
      <subfield code="a">NLGGC</subfield>
      <subfield code="b">18362985X</subfield>
    </datafield>
    <datafield tag="035" ind1=" " ind2=" ">
      <subfield code="a">(OCoLC)67842725</subfield>
    </datafield>
    <datafield tag="100" ind1="1" ind2=" ">
      <subfield code="a">Campano, Giannantonio,</subfield>
      <subfield code="c">Bishop,</subfield>
      <subfield code="d">1429-1477,</subfield>
      <subfield code="e">author.</subfield>
      <subfield code="4">aut</subfield>
      <subfield code="1">https://id.oclc.org/worldcat/entity/E39PBJxmFt9g3TYr9tqfprQXh3</subfield>
    </datafield>
    <datafield tag="245" ind1="1" ind2="0">
      <subfield code="a">Io. Antonij Campani episcopi Aprutini V.C. De vita et gestis Andreae Brachij Perusini, Italicae olim militi[a]e Imperatoris strenuissimi, Ducis longè celebratissimi, Libri VI. Nusquam aliàs in Germania à quoqua[m] editi.</subfield>
    </datafield>
    <datafield tag="246" ind1="3" ind2=" ">
      <subfield code="a">Io. Antonii Campani episcopi Aprvtini V.C. De vita et gestis Andreae Brachij Perusini</subfield>
    </datafield>
    <datafield tag="246" ind1="3" ind2=" ">
      <subfield code="a">De vita et gestis Andreae Brachii Perusini</subfield>
    </datafield>
    <datafield tag="246" ind1="1" ind2="7">
      <subfield code="a">Ioan. Anto. Campani De rebus gestis Brachij</subfield>
    </datafield>
    <datafield tag="264" ind1=" " ind2="1">
      <subfield code="a">Basileae :</subfield>
      <subfield code="b">apud Nicolaum Bryling.,</subfield>
      <subfield code="c">Anno M.D.XLV. [1545]</subfield>
    </datafield>
    <datafield tag="300" ind1=" " ind2=" ">
      <subfield code="a">[16], 392 [that is, 394], [3] pages ;</subfield>
      <subfield code="c">15 cm (8vo)</subfield>
    </datafield>
    <datafield tag="336" ind1=" " ind2=" ">
      <subfield code="a">text</subfield>
      <subfield code="b">txt</subfield>
      <subfield code="2">rdacontent</subfield>
    </datafield>
    <datafield tag="337" ind1=" " ind2=" ">
      <subfield code="a">unmediated</subfield>
      <subfield code="b">n</subfield>
      <subfield code="2">rdamedia</subfield>
    </datafield>
    <datafield tag="338" ind1=" " ind2=" ">
      <subfield code="a">volume</subfield>
      <subfield code="b">nc</subfield>
      <subfield code="2">rdacarrier</subfield>
    </datafield>
    <datafield tag="340" ind1=" " ind2=" ">
      <subfield code="m">8vo</subfield>
      <subfield code="2">rdabf</subfield>
    </datafield>
    <datafield tag="500" ind1=" " ind2=" ">
      <subfield code="a">With a introductory letter by Joannes Herold Hoechsteten dedicated to Philibert and Christoph, princes of Baden.</subfield>
    </datafield>
    <datafield tag="500" ind1=" " ind2=" ">
      <subfield code="a">Contains a dedication at end by Joannes Antonius Campanus to Carolus Fortebrachius Imperator.</subfield>
    </datafield>
    <datafield tag="500" ind1=" " ind2=" ">
      <subfield code="a">Signatures: a-z⁸ A-C⁸ (C2 missigned C3; C8 is blank).</subfield>
    </datafield>
    <datafield tag="500" ind1=" " ind2=" ">
      <subfield code="a">With woodcut initials and printed marginalia.</subfield>
    </datafield>
    <datafield tag="500" ind1=" " ind2=" ">
      <subfield code="a">At end of dedicatory letter: "Ex inclyta Rauracorum Basilea. Calendis Martij, Anno anato Christo, M.D.XLV."</subfield>
    </datafield>
    <datafield tag="510" ind1="4" ind2=" ">
      <subfield code="a">Verzeichnis der im deutschen Sprachbereich erschienenen Drucke des XVI. Jahrhunderts (VD 16),</subfield>
      <subfield code="c">C 613</subfield>
      <subfield code="u">https://gateway-bayern.de/VD16+C+613</subfield>
    </datafield>
    <datafield tag="510" ind1="4" ind2=" ">
      <subfield code="a">Adams, H.M. Catalogue of books printed on the continent of Europe, 1501-1600, in Cambridge libraries,</subfield>
      <subfield code="c">C 472</subfield>
    </datafield>
    <datafield tag="510" ind1="4" ind2=" ">
      <subfield code="a">Index Aureliensis,</subfield>
      <subfield code="c">130.770</subfield>
    </datafield>
    <datafield tag="600" ind1="1" ind2="0">
      <subfield code="a">Braccio de Montone, Andrés,</subfield>
      <subfield code="d">1368-1424.</subfield>
    </datafield>
    <datafield tag="600" ind1="1" ind2="7">
      <subfield code="a">Braccio de Montone, Andrés,</subfield>
      <subfield code="d">1368-1424</subfield>
      <subfield code="2">fast</subfield>
      <subfield code="1">https://id.oclc.org/worldcat/entity/E39PBJr3tQwCMgRr66tmT8BwYP</subfield>
    </datafield>
    <datafield tag="700" ind1="1" ind2=" ">
      <subfield code="a">Brylinger, Nikolas,</subfield>
      <subfield code="d">approximately 1515-1565,</subfield>
      <subfield code="e">printer,</subfield>
      <subfield code="e">bookseller.</subfield>
      <subfield code="4">prt</subfield>
      <subfield code="4">bsl</subfield>
      <subfield code="1">https://id.oclc.org/worldcat/entity/E39PBJmhK36CpFttqfbX9b7WDq</subfield>
    </datafield>
    <datafield tag="700" ind1="1" ind2=" ">
      <subfield code="a">Herold, Johannes,</subfield>
      <subfield code="d">1514-1567,</subfield>
      <subfield code="e">writer of supplementary textual content,</subfield>
      <subfield code="e">dedicator.</subfield>
      <subfield code="4">wst</subfield>
      <subfield code="4">dto</subfield>
      <subfield code="1">https://id.oclc.org/worldcat/entity/E39PBJv4hD7BDgT4vcbC3ypHG3</subfield>
    </datafield>
    <datafield tag="700" ind1="0" ind2=" ">
      <subfield code="a">Philibert,</subfield>
      <subfield code="c">Margrave of Baden-Baden,</subfield>
      <subfield code="d">1536-1569,</subfield>
      <subfield code="e">dedicatee.</subfield>
      <subfield code="4">dte</subfield>
    </datafield>
    <datafield tag="700" ind1="0" ind2=" ">
      <subfield code="a">Christoph</subfield>
      <subfield code="b">II,</subfield>
      <subfield code="c">Margrave of Baden-Rodemachern,</subfield>
      <subfield code="d">1537-1575,</subfield>
      <subfield code="e">dedicatee.</subfield>
      <subfield code="4">dte</subfield>
    </datafield>
    <datafield tag="700" ind1="0" ind2=" ">
      <subfield code="a">Charles</subfield>
      <subfield code="b">V,</subfield>
      <subfield code="c">Holy Roman Emperor,</subfield>
      <subfield code="d">1500-1558,</subfield>
      <subfield code="e">dedicatee.</subfield>
      <subfield code="4">dte</subfield>
      <subfield code="1">https://id.oclc.org/worldcat/entity/E39PBJrrtb7QxXCFgdVBT4dmh3</subfield>
    </datafield>
    <datafield tag="752" ind1=" " ind2=" ">
      <subfield code="a">Switzerland</subfield>
      <subfield code="d">Basel,</subfield>
      <subfield code="e">publication place.</subfield>
      <subfield code="4">pup</subfield>
    </datafield>
    <datafield tag="758" ind1=" " ind2=" ">
      <subfield code="i">has work:</subfield>
      <subfield code="a">Io. Antonii Campani episcopi Aprutini V.C. De vita et gestis Andreae Brachij Perusini, Italicae olim militie imperatoris strenuissimi, ducis longe celebratissimi, libri VI (Text)</subfield>
      <subfield code="1">https://id.oclc.org/worldcat/entity/E39PCFwkbr3B8KcCRftTX6kGQC</subfield>
      <subfield code="4">https://id.oclc.org/worldcat/ontology/hasWork</subfield>
    </datafield>
  </record>